[Event "POL-ch rapid"]
[Site "Zgierz"]
[Date "2019.10.06"]
[Round "1"]
[White "Kamecki, Mateusz"]
[Black "Moranda, Wojciech"]
[Result "0-1"]
[WhiteElo "1842"]
[BlackElo "2597"]
[PlyCount "58"]
[EventDate "2019.10.06"]
[EventType "swiss (rapid)"]
[EventRounds "11"]
[EventCountry "POL"]
[SourceTitle "EXT 2020"]
[Source "ChessBase"]
[SourceDate "2019.10.17"]
[SourceVersion "1"]
[SourceVersionDate "2019.10.17"]
[SourceQuality "1"]

1. d4 Nf6 2. Nc3 d5 3. Bf4 a6 4. e3 Bf5 5. Bd3 Bg6 6. h4 e6 7. Nf3 c5 8. Ne5 Nc6 9. h5 Bxd3 10. Qxd3 Rc8 11. a3 Be7 12. Ne2 Qb6 13. Rb1 0-0 14. c3 Rcd8 15. h6 g6 16. 0-0 Rfe8 17. b4 c4 18. Qc2 Nxe5 19. Bxe5 Ng4 20. Bf4 Bf8 21. e4 dxe4 22. Qxe4 Nxh6 23. Be5 f5 24. Qh4 Nf7 25. Bf4 Bg7 26. Ng3 h6 27. Qh2 e5 28. dxe5 Nxe5 29. Bxh6 Ng4 0-1

[Event "POL-chT U19 3rd League"]
[Site "Wielkoposka"]
[Date "2011.02.26"]
[Round "2"]
[White "Dziewa, Aleksander"]
[Black "Kamecki, Mateusz"]
[Result "0-1"]
[WhiteElo "1487"]
[BlackElo "1881"]
[PlyCount "99"]
[EventDate "2011.02.26"]
[EventType "team-tourn"]
[EventRounds "9"]
[EventCountry "POL"]
[SourceTitle "EXT 2019"]
[Source "ChessBase"]
[SourceDate "2018.10.10"]
[SourceVersion "1"]
[SourceVersionDate "2018.10.10"]
[SourceQuality "1"]
[WhiteTeam "Konin UKS Smecz U19"]
[BlackTeam "Koscielec UKS Kielbaska U19"]
[WhiteTeamCountry "POL"]
[BlackTeamCountry "POL"]

1. d4 d5 2. c4 e6 3. Nc3 f5 4. Nf3 Nf6 5. e3 c6 6. Be2 Bd6 7. 0-0 0-0 8. Nd2 Ne4 9. Ndxe4 fxe4 10. f3 Qh4 11. f4 Nd7 12. Bd2 Qe7 13. Qe1 Rf6 14. Qh4 Nf8 15. Bh5 Bd7 16. h3 Be8 17. Bxe8 Rxe8 18. g4 Qc7 19. c5 Be7 20. Qg3 g5 21. Kg2 Ng6 22. fxg5 Qxg3+ 23. Kxg3 Rxf1 24. Rxf1 Bxg5 25. Ne2 Nh4 26. Nf4 e5 27. Ne2 Nf3 28. Bc1 Bh4+ 29. Kg2 Bf6 30. Ng1 exd4 31. Nxf3 exf3+ 32. Kxf3 Kg7 33. b4 Re4 34. a3 d3 35. Rf2 Rc4 36. Bb2 a5 37. Bxf6+ Kxf6 38. Rb2 Rc2 39. Rb3 d2 40. Rd3 axb4 41. axb4 Rb2 42. Rd4 Rxb4 43. Rxd2 Rb5 44. Rc2 Ke5 45. h4 h6 46. Rc1 Rb3 47. Rd1 Rc3 48. Rb1 d4 49. Rxb7 d3 50. Kf2 0-1

[Event "POL-chT U19 3rd League"]
[Site "Wielkoposka"]
[Date "2011.02.26"]
[Round "1"]
[White "Kamecki, Mateusz"]
[Black "Majas, Piotr"]
[Result "1-0"]
[WhiteElo "1881"]
[BlackElo "1759"]
[PlyCount "57"]
[EventDate "2011.02.26"]
[EventType "team-tourn"]
[EventRounds "9"]
[EventCountry "POL"]
[SourceTitle "EXT 2019"]
[Source "ChessBase"]
[SourceDate "2018.10.10"]
[SourceVersion "1"]
[SourceVersionDate "2018.10.10"]
[SourceQuality "1"]
[WhiteTeam "Koscielec UKS Kielbaska U19"]
[BlackTeam "Kalisz KTS U19"]
[WhiteTeamCountry "POL"]
[BlackTeamCountry "POL"]

1. e4 c5 2. Nc3 d6 3. d3 g6 4. g3 Bd7 5. Bg2 h5 6. h4 Nc6 7. Be3 Nh6 8. f3 e5 9. Qd2 Be6 10. Nge2 Qd7 11. Nd5 0-0-0 12. 0-0-0 Kb8 13. Kb1 Bxd5 14. exd5 Ne7 15. Nc3 f5 16. Rdg1 Qe8 17. Bh3 Qf7 18. Bg5 Nhg8 19. f4 Rd7 20. Bg2 Nh6 21. Bf3 Ng4 22. Re1 Rd8 23. Qg2 Nc8 24. Nd1 Nb6 25. c3 Be7 26. Bxg4 fxg4 27. Rhf1 Bxg5 28. fxg5 Qg7 29. d4 1-0

[Event "POL-ch Liga3 U18"]
[Site "Koscielec"]
[Date "2009.02.04"]
[Round "4.25"]
[White "Ratajczak, Jedrzej"]
[Black "Kamecki, Mateusz"]
[Result "0-1"]
[WhiteElo "1720"]
[BlackElo "1725"]
[PlyCount "96"]
[EventDate "2009.01.31"]
[EventType "swiss"]
[EventRounds "9"]
[EventCountry "POL"]
[SourceTitle "EXT 2023"]
[Source "ChessBase"]
[SourceDate "2022.10.05"]
[SourceVersion "1"]
[SourceVersionDate "2022.10.05"]
[SourceQuality "1"]

1. e4 Nf6 2. Nc3 d5 3. e5 Nfd7 4. d4 e6 5. f4 c5 6. Nf3 Nc6 7. Bb5 Qb6 8. Be3 cxd4 9. Nxd4 Bc5 10. Bxc6 bxc6 11. Na4 Qb4+ 12. c3 Bxd4 13. Qxd4 Ba6 14. Nc5 Nxc5 15. Qxc5 Qb5 16. Qxb5 Bxb5 17. Bc5 f6 18. Kd2 Kf7 19. Rhe1 a5 20. Re3 a4 21. Rae1 Rhe8 22. Rf3 f5 23. h3 Rab8 24. Kc1 Bc4 25. a3 Rb5 26. Bd6 c5 27. g4 g6 28. Rg1 d4 29. gxf5 exf5 30. Rd1 Be2 31. Rfd3 Bxd1 32. Kxd1 dxc3 33. Rxc3 Rc8 34. Kc2 c4 35. Bb4 Rd5 36. Re3 Ke6 37. Re2 Rd3 38. Rh2 g5 39. fxg5 Kxe5 40. h4 f4 41. Re2+ Re3 42. Rd2 Rh3 43. Be7 Re8 44. Bf6+ Kf5 45. Rd5+ Kg4 46. g6 hxg6 47. Rg5+ Kf3 48. Rxg6 Re6 0-1

[Event "POL 14th Olympiade U14 Boys"]
[Site "Szczawno Zdroj"]
[Date "2008.04.30"]
[Round "5"]
[White "Lewtak, Damian"]
[Black "Kamecki, Mateusz"]
[Result "1-0"]
[WhiteElo "1860"]
[BlackElo "1719"]
[PlyCount "99"]
[EventDate "2008.04.27"]
[EventType "swiss"]
[EventRounds "10"]
[EventCountry "POL"]
[SourceTitle "EXT 2009"]
[Source "ChessBase"]
[SourceDate "2008.11.26"]
[SourceVersion "1"]
[SourceVersionDate "2008.11.26"]
[SourceQuality "1"]

1. e4 e6 2. d4 d5 3. e5 c5 4. c3 Nc6 5. Nf3 Qb6 6. Be2 Nh6 7. Bxh6 Qxb2 8. Be3 Qxa1 9. Qc2 cxd4 10. Nxd4 Nxd4 11. Bxd4 Ba3 12. Bb5+ Kf8 13. Qb3 Kg8 14. 0-0 Qb2 15. Nxa3 Qxb3 16. axb3 g6 17. Ra1 a6 18. Nc2 Kg7 19. Bb6 f6 20. exf6+ Kxf6 21. Re1 Rf8 22. Ba4 e5 23. b4 Be6 24. Kf1 Rac8 25. Re3 Bf5 26. Ne1 g5 27. Nf3 e4 28. Bd4+ Kg6 29. Ne5+ Kh6 30. g4 Be6 31. Rh3+ Kg7 32. Nd7+ Kg6 33. Nxf8+ Rxf8 34. Rg3 b5 35. Bc2 h5 36. gxh5+ Kxh5 37. Bd1+ Kh4 38. Kg1 g4 39. Kf1 Rf7 40. Ke2 Rf8 41. Ke3 Bc8 42. Bc5 Rf7 43. Bd6 Bd7 44. Rg1 Bc8 45. Be2 Be6 46. Bg3+ Kg5 47. Kd4 Rf8 48. Ra1 Rc8 49. Rxa6 Bd7 50. Rd6 1-0

[Event "POL 14th Olympiade U14 Boys"]
[Site "Szczawno Zdroj"]
[Date "2008.04.29"]
[Round "4"]
[White "Kamecki, Mateusz"]
[Black "Adamek, Przemyslaw"]
[Result "0-1"]
[WhiteElo "1719"]
[BlackElo "1932"]
[PlyCount "50"]
[EventDate "2008.04.27"]
[EventType "swiss"]
[EventRounds "10"]
[EventCountry "POL"]
[SourceTitle "EXT 2009"]
[Source "ChessBase"]
[SourceDate "2008.11.26"]
[SourceVersion "1"]
[SourceVersionDate "2008.11.26"]
[SourceQuality "1"]

1. e4 e5 2. Nf3 Nc6 3. Bb5 a6 4. Ba4 Nf6 5. 0-0 Nxe4 6. Re1 Nc5 7. Nc3 Nxa4 8. Nxa4 Be7 9. Nxe5 Nxe5 10. Rxe5 0-0 11. d4 d5 12. Qf3 Bd6 13. Rg5 Qe8 14. Bd2 f6 15. Rh5 Qxa4 16. Qxd5+ Rf7 17. Rxh7 Kxh7 18. Qxf7 Qd7 19. Qh5+ Kg8 20. Re1 Qf7 21. Qf3 c6 22. b3 Bd7 23. c4 Re8 24. Rd1 Qg6 25. Be3 Bg4 0-1

[Event "POL 14th Olympiade U14 Boys"]
[Site "Szczawno Zdroj"]
[Date "2008.04.28"]
[Round "2"]
[White "Kamecki, Mateusz"]
[Black "Adamowicz, Maciej"]
[Result "1-0"]
[WhiteElo "1719"]
[BlackElo "1813"]
[PlyCount "73"]
[EventDate "2008.04.27"]
[EventType "swiss"]
[EventRounds "10"]
[EventCountry "POL"]
[SourceTitle "EXT 2009"]
[Source "ChessBase"]
[SourceDate "2008.11.26"]
[SourceVersion "1"]
[SourceVersionDate "2008.11.26"]
[SourceQuality "1"]

1. e4 c5 2. g3 Nc6 3. Bg2 g6 4. f4 Bg7 5. d3 d6 6. c3 Nf6 7. Nf3 0-0 8. 0-0 c4 9. Na3 cxd3 10. Qxd3 Bd7 11. Nc4 b5 12. Ne3 Rb8 13. Rd1 Qc7 14. h3 b4 15. g4 bxc3 16. bxc3 Rfd8 17. Bd2 Bc8 18. Be1 Bb7 19. Rac1 Rbc8 20. Ng5 Nb8 21. Nd5 Nxd5 22. exd5 Nd7 23. Ne4 Nb6 24. Ng3 Na4 25. Qb5 Nxc3 26. Bxc3 Bxc3 27. Ne2 Qa5 28. Nxc3 Qa3 29. Qb3 Qc5+ 30. Kh1 Qe3 31. Qxb7 Rxc3 32. Rxc3 Qxc3 33. Qxe7 Rc8 34. Qxd6 Qg3 35. Rb1 Rc2 36. Rb8+ Kg7 37. Qf8+ 1-0

[Event "POL 14th Olympiade U14 Boys"]
[Site "Szczawno Zdroj"]
[Date "2008.04.28"]
[Round "3"]
[White "Kropidlowski, Maciej"]
[Black "Kamecki, Mateusz"]
[Result "0-1"]
[WhiteElo "1711"]
[BlackElo "1719"]
[PlyCount "138"]
[EventDate "2008.04.27"]
[EventType "swiss"]
[EventRounds "10"]
[EventCountry "POL"]
[SourceTitle "EXT 2009"]
[Source "ChessBase"]
[SourceDate "2008.11.26"]
[SourceVersion "1"]
[SourceVersionDate "2008.11.26"]
[SourceQuality "1"]

1. e4 Nf6 2. e5 Nd5 3. c4 Nb6 4. d4 d6 5. f4 dxe5 6. fxe5 Nc6 7. Nf3 Bf5 8. Be2 e6 9. 0-0 Be7 10. Be3 0-0 11. Nc3 Nb4 12. Rc1 Rc8 13. a3 Nc6 14. Qe1 Na5 15. Nb5 Nc6 16. b4 a6 17. Nc3 f6 18. Qg3 Kh8 19. Rcd1 Bc2 20. Rc1 Bg6 21. Nh4 Bf7 22. Nf3 Bg6 23. Nh4 Bf7 24. Rcd1 fxe5 25. dxe5 Bxh4 26. Qh3 Qe7 27. Bc5 Qg5 28. Bxf8 Rxf8 29. Ne4 Qe7 30. Qc3 Bg6 31. Nc5 Bf5 32. Rf3 Rd8 33. Rxd8+ Qxd8 34. Rf1 h6 35. Nxb7 Qd4+ 36. Qxd4 Nxd4 37. Bf3 Nxc4 38. Rc1 Nxe5 39. Bd1 c6 40. Nd6 Bg5 41. Rc5 Be3+ 42. Kh1 Nd3 43. Ra5 Nf2+ 44. Kg1 Nxd1+ 45. Kf1 Nb3 46. Re5 Bf4 47. Re1 Ne3+ 48. Kg1 Bxd6 49. Rxe3 Na1 50. Re2 Nc2 51. Rd2 Be5 52. Rd8+ Kh7 53. Ra8 Nxa3 54. Rxa6 Nc2 55. Rxc6 Nxb4 56. Rc4 Nd5 57. h3 Kg6 58. Kf2 Bd3 59. Rg4+ Kf5 60. Ra4 h5 61. Kf3 Nf6 62. Ra5 g5 63. Ke3 Be4 64. Kf2 g4 65. hxg4+ Nxg4+ 66. Kf1 Ne3+ 67. Kf2 Nxg2 68. Kg1 h4 69. Ra7 Bd4+ 0-1

[Event "POL 14th Olympiade U14 Boys"]
[Site "Szczawno Zdroj"]
[Date "2008.04.27"]
[Round "1"]
[White "Pietruszewski, Marcin"]
[Black "Kamecki, Mateusz"]
[Result "1-0"]
[WhiteElo "1886"]
[BlackElo "1719"]
[PlyCount "107"]
[EventDate "2008.04.27"]
[EventType "swiss"]
[EventRounds "10"]
[EventCountry "POL"]
[SourceTitle "EXT 2009"]
[Source "ChessBase"]
[SourceDate "2008.11.26"]
[SourceVersion "1"]
[SourceVersionDate "2008.11.26"]
[SourceQuality "1"]

1. e4 Nf6 2. e5 Nd5 3. d4 d6 4. c4 Nb6 5. exd6 exd6 6. Nc3 Be7 7. Be3 Nc6 8. Rc1 Bf6 9. Be2 Bf5 10. Nf3 0-0 11. 0-0 Re8 12. b3 h6 13. Re1 Qd7 14. a3 Ne7 15. Nd2 Ng6 16. Bf3 c6 17. Nde4 Be7 18. Ng3 Nh4 19. Nxf5 Qxf5 20. Be4 Qd7 21. Qh5 f5 22. Bd3 Rf8 23. Bf4 Qe8 24. Qxe8 Raxe8 25. Rxe7 Rxe7 26. Bxd6 Rd7 27. Bxf8 Kxf8 28. Ne2 Kf7 29. f3 Kf6 30. a4 Rd8 31. Kf2 g5 32. a5 Nc8 33. b4 Ne7 34. Rd1 a6 35. Bc2 f4 36. g3 fxg3+ 37. hxg3 Nhf5 38. g4 Nd6 39. Bd3 Ke6 40. Ng3 Rf8 41. Rh1 Rh8 42. Ne4 Nxe4+ 43. Bxe4 Kf6 44. Rb1 Rd8 45. Ke3 Nc8 46. b5 Nd6 47. bxc6 bxc6 48. Kd3 Nf7 49. Rb6 Ke7 50. Rxa6 Rd6 51. Kc3 Nd8 52. Ra7+ Ke6 53. c5 Rd7 54. Bf5+ 1-0

[Event "Koszalin Region-ch ZP-WP U13"]
[Site "Koszalin"]
[Date "2007.09.19"]
[Round "6.4"]
[White "Kamecki, Mateusz"]
[Black "Golinski, Damian"]
[Result "1-0"]
[WhiteElo "1683"]
[BlackElo "1832"]
[PlyCount "67"]
[EventDate "2007.09.15"]
[EventType "swiss"]
[EventRounds "9"]
[EventCountry "POL"]
[SourceTitle "EXT 2023"]
[Source "ChessBase"]
[SourceDate "2022.10.05"]
[SourceVersion "1"]
[SourceVersionDate "2022.10.05"]
[SourceQuality "1"]

1. e4 e5 2. Nf3 Nc6 3. Bb5 a6 4. Ba4 Nf6 5. 0-0 Bc5 6. d3 b5 7. Bb3 d6 8. Bg5 h6 9. Bh4 Ne7 10. Bxf6 gxf6 11. Nh4 c6 12. Qf3 Ng8 13. Qg3 Kf8 14. Kh1 Rh7 15. f4 Rg7 16. Qf3 Bg4 17. Qg3 Be2 18. Qe1 Bxf1 19. Qxf1 Ne7 20. fxe5 dxe5 21. Qxf6 Qd4 22. Nc3 Qd6 23. Qf3 Kg8 24. Rf1 Rf8 25. Ne2 Qd7 26. h3 Kh7 27. g4 Ng6 28. Nf5 Rgg8 29. g5 Kh8 30. Qh5 Rg7 31. Nxg7 Kxg7 32. Qxh6+ Kg8 33. Rf6 Nh8 34. g6 1-0